000 00679nam a2200241Ia 4500
003 GCL
008 140319s9999 xx 000 0 aFre d
020 _a1815715239
040 _aGCL /
_cGCL
082 0 4 _a843
_bH L
100 1 _aHUGO, VICTOR
245 1 0 _aLES MISERABLES /
_cHUGO, VICTOR
700 1 _aWASHINGTON, PETER
700 1 _aWILBOUR, CHASRLES E.
260 _aانجلترا :
_bEVERYMAN'S LIBRARY ،
_c1998
300 _a21 CM ؛
_cXXXVII, 1423 P
490 _aTHE MILLENNIUM LIBRARY
_v239
650 0 4 _aLITERATURE
650 0 4 _aFRENCH FICTION
650 0 4 _aFRENCH LITERATURE
650 0 4 _aFRENCH LITERATURE - TRANSLATIONS INTO ENGLISH
942 _2ddc
_cBK
999 _c5943
_d5943